Business Research Methods (Record no. 33788)
[ view plain ]
| 000 -LEADER | |
|---|---|
| fixed length control field | 00473nam a22001817a 4500 |
| 005 - DATE AND TIME OF LATEST TRANSACTION | |
| control field | 20231011170049.0 |
| 008 - FIXED-LENGTH DATA ELEMENTS--GENERAL INFORMATION | |
| fixed length control field | 231006b |||||||| |||| 00| 0 eng d |
| 082 ## - DEWEY DECIMAL CLASSIFICATION NUMBER | |
| Classification number | 658.4030 |
| Item number | ZIK |
| 100 ## - MAIN ENTRY--AUTHOR | |
| Author Name | Zikmund,William.G |
| 245 ## - TITLE STATEMENT | |
| Title | Business Research Methods |
| 250 ## - EDITION STATEMENT | |
| Edition statement | 8th ed. |
| 300 ## - PHYSICAL DESCRIPTION | |
| Pages | 674 |
| 500 ## - GENERAL NOTE | |
| General note | Include Index |
| 650 ## - SUBJECT ADDED ENTRY--TOPICAL TERM | |
| Subject / Department | Business |
| 700 ## - ADDED ENTRY--PERSONAL NAME | |
| Personal name | Zikmund I Babin |
| 505 ## - | |
| -- | Introduction <br/>Beginning Stages of the Research Process |
| 942 ## - ADDED ENTRY ELEMENTS (KOHA) | |
| -- | Book |
| -- | BOOK |
| 952 ## - LOCATION AND ITEM INFORMATION (KOHA) | |
| -- | 0 |
| -- | 0 |
| Lost status | Damaged status | Collection code | Permanent Location | Current Location | Shelving Location | Date acquired | Full Call Number | Accession No./Barcode | Date last seen | item type |
|---|---|---|---|---|---|---|---|---|---|---|
| Management | Superior Information Resource Center (SIRC) Superior University- Main Campus | Superior Information Resource Center (SIRC) Superior University- Main Campus | Business | 10/06/2023 | 658.4030 ZIK-B | 20649 | 10/06/2023 | BOOK |
